| 000 | 00389pab a2200145 454500 | ||
|---|---|---|---|
| 008 | 180718b1986 xxu||||| |||| 00| 0 eng d | ||
| 100 | _aKornai, Janos | ||
| 245 |
_aThe Hungarian reform process _bVisions, hopes and reality |
||
| 260 | _c1986 | ||
| 300 | _a1687-1737 | ||
| 362 | _aDec. | ||
| 650 | _aHungary - Economic Policy | ||
| 773 | _aJournal of Economic Literature | ||
| 909 | _a10050 | ||
| 999 |
_c10050 _d10050 |
||